[Event "2nd Asian Nations Team Cup U14 2019"]
[Site "Shenzhen"]
[Date "2019.12.25"]
[Round "8.6"]
[White "Xue, Haowen"]
[Black "Tsogtbayar, Batlut"]
[Result "1-0"]
[WhiteElo "1909"]
[BlackElo "1404"]
[Annotator "NA RC"]
[PlyCount "107"]
[EventDate "2019.12.19"]
[EventType "team-tourn"]
[EventCountry "CHN"]
[SourceTitle "playchess.com"]
[Source "ChessBase"]
[SourceQuality "1"]
[WhiteTeam "China"]
[BlackTeam "Mongolia"]
[WhiteTeamCountry "CHN"]
[BlackTeamCountry "MGL"]
[TimeControl "5400+30"]

{[%evp 8,107,20,26,27,0,0,-2,31,17,24,2,18,18,19,4,12,0,19,30,26,22,20,25,39,29,45,38,49,17,29,26,41,39,61,52,194,160,186,146,167,178,179,217,200,187,227,212,221,229,228,139,157,141,145,154,178,180,199,130,146,140,156,131,155,151,158,151,154,169,170,159,175,146,147,130,162,164,202,216,200,272,391,166,397,288,310,493,380,379,555,525,2050,6070,5065,29973,29976,29948,29978,29980,29980,29981]} 1. d4 {[%emt 0:00:00]} d5 {[%emt 0:00:00]} 2. c4 {[%emt 0:00:00]} c6 {[%emt 0:00:00]} 3. Nc3 {[%emt 0:00:00]} Nf6 {[%emt 0:00:29]} 4. Nf3 {[%emt 0:00:00]} dxc4 {[%emt 0:00:55]} 5. a4 {[%emt 0:00:00]} Bf5 {[%emt 0:00:38]} 6. Ne5 {[%emt 0:00:11]} Nbd7 {[%emt 0:01:47]} 7. Nxc4 {[%emt 0:00:06]} e6 {[%emt 0:01:34]} 8. g3 {[%emt 0:07:22]} Nb6 {[%emt 0:01:54] D17: Slav Defence: 5 a4 Bf5: Lines with 6 Nh4 and 6 Ne5} 9. Ne5 {[%emt 0:01:17]} Bb4 {[%emt 0:01:23]} 10. Bg2 {[%emt 0:04:09]} a5 {[%emt 0:19:56]} 11. O-O {[%emt 0:00:28]} O-O {[%emt 0:00:39]} 12. Nd3 {[%emt 0:04:15]} Nbd5 $146 {[%emt 0:13:43]} ({Predecessor:} 12... h6 13. e3 Bxd3 14. Qxd3 e5 15. Na2 exd4 16. exd4 Nxa4 {0-1 (89) Gurevich,D (2537)-Gulko,B (2618) Salt Lake City 1999}) 13. Nxb4 {[%emt 0:05:05]} axb4 {[%emt 0:02:02]} 14. Nxd5 {[%emt 0:01:07]} cxd5 {[%emt 0:00:24]} 15. Qb3 {[%emt 0:02:08]} Qb6 {[%emt 0:01:23]} 16. Bd2 {[%emt 0:01:13]} Qxd4 {[%emt 0:05:58]} 17. Qxb4 {[%emt 0:02:53]} Qxb4 {[%emt 0:01:45]} 18. Bxb4 {[%emt 0:00:34]} Rfc8 {[%emt 0:01:04]} 19. Rfc1 {[%emt 0:01:06]} h6 {[%emt 0:01:45]} 20. a5 {[%emt 0:00:56]} Ne8 {[%emt 0:01:51]} 21. Bf1 {[%emt 0:03:09]} d4 {[%emt 0:02:25]} (21... Bc2 $14) 22. Bg2 {[%emt 0:03:46]} Rcb8 {[%emt 0:03:24]} 23. Rd1 {[%emt 0:10:33]} e5 {[%emt 0:01:50]} 24. f4 {[%emt 0:00:26]} f6 {[%emt 0:03:33]} 25. fxe5 {[%emt 0:00:58]} fxe5 {[%emt 0:00:10]} 26. Rac1 {[%emt 0:03:43]} Ra6 {[%emt 0:01:16]} (26... Bg4 $16 {was worth a try.} 27. Rc5 Bxe2) 27. Rc5 {[%emt 0:01:45]} b6 {[%emt 0:01:23]} 28. Rxe5 {[%emt 0:00:49]} bxa5 {[%emt 0:00:38]} 29. Ba3 {[%emt 0:00:54]} ({Weaker is} 29. Rxf5 Rxb4 30. Bd5+ Kh7 $14) ({Don't play} 29. Rxd4 $6 axb4 30. Bd5+ (30. Rxf5 Nf6 $16) 30... Kh8) (29. Bxa5 $18 Bd7 30. Rxd4) 29... Bg6 {[%emt 0:01:30]} 30. Rxd4 {[%emt 0:00:39]} Nf6 {[%emt 0:00:25]} 31. Bf3 {[%emt 0:02:40]} a4 {[%emt 0:01:17]} 32. Kf2 {[%emt 0:01:18]} Bf7 {[%emt 0:00:42]} 33. Rb4 {[%emt 0:02:29]} ({White should try} 33. Re7 $18) 33... Rxb4 {[%emt 0:00:47]} 34. Bxb4 {[%emt 0:00:02]} Bb3 {[%emt 0:00:32]} 35. Ba3 {[%emt 0:02:15]} Ra7 {[%emt 0:00:48]} 36. Ke3 {[%emt 0:02:12]} Kf7 {[%emt 0:00:41]} 37. h3 {[%emt 0:01:36]} Be6 {[%emt 0:03:12]} 38. g4 {[%emt 0:01:17]} Nd7 {[%emt 0:01:34]} 39. Rb5 {[%emt 0:00:37]} Nf6 {[%emt 0:00:34]} 40. Rb7+ {[%emt 0:11:12]} Rxb7 {[%emt 0:00:37]} 41. Bxb7 {[%emt 0:00:02]} Nd5+ {[%emt 0:01:33]} 42. Ke4 {[%emt 0:00:21]} Nb6 {[%emt 0:00:30]} 43. Bc6 {[%emt 0:02:41]} Bb3 {[%emt 0:00:24]} 44. Kd4 {[%emt 0:00:32]} Nc8 {[%emt 0:01:36]} 45. e4 {[%emt 0:01:29]} (45. Bd5+ $142 Kg6 46. Bc6) 45... Bc2 $2 {[%emt 0:01:26]} (45... Ne7 $16) 46. e5 {[%emt 0:02:28]} Ne7 {[%emt 0:00:21]} 47. Bxe7 {[%emt 0:01:31]} Kxe7 {[%emt 0:00:20]} 48. Kc3 {[%emt 0:01:52]} Bd1 {[%emt 0:00:18]} 49. Bd5 {[%emt 0:00:58]} g6 {[%emt 0:00:51]} 50. Kd2 {[%emt 0:00:10]} Bb3 {[%emt 0:00:27]} 51. Bxb3 {[%emt 0:00:07]} axb3 {[%emt 0:00:13]} 52. Kc3 {[%emt 0:00:11]} Ke6 {[%emt 0:00:29]} 53. Kd4 {[%emt 0:00:11]} h5 {[%emt 0:00:17]} 54. g5 {[%emt 0:00:51] Kxe5+ Ke4+ Kd5+} 1-0

[Event "2nd Asian Nations Team Cup U14 2019"]
[Site "Shenzhen"]
[Date "2019.12.25"]
[Round "8.9"]
[White "Han, Xuqian Ben"]
[Black "Daneshvar, Bardiya"]
[Result "0-1"]
[WhiteElo "1714"]
[BlackElo "2330"]
[Annotator "TA"]
[PlyCount "134"]
[EventDate "2019.12.19"]
[EventType "team-tourn"]
[EventCountry "CHN"]
[SourceTitle "playchess.com"]
[Source "ChessBase"]
[SourceQuality "1"]
[WhiteTeam "Hong Kong"]
[BlackTeam "Iran"]
[WhiteTeamCountry "HKG"]
[BlackTeamCountry "IRI"]

{[%evp 11,134,10,20,1,5,4,0,0,20,18,14,29,21,7,0,-10,31,16,36,20,68,70,146,66,125,129,143,111,126,125,132,35,48,13,56,47,63,35,100,75,84,44,29,14,24,0,0,0,0,0,0,0,0,-40,0,-121,-86,-93,-100,-333,-248,-396,-90,-150,-79,-79,-43,-43,-43,-43,-43,-51,-43,-85,-86,-152,-100,-110,-97,-94,-63,-133,-141,-155,-114,-155,-164,-157,-143,-147,-124,-149,-110,-117,0,-143,-117,-136,-83,-135,-101,-416,-428,-420,-434,-541,-534,-5527,-5522,-29973,-4141,-29976,-29979,-29973,-29974,-29971,-29966,-29987,-29988,-29989,-29990,-29990,-29991,-29991,-29992]} 1. e4 c6 2. d4 d5 3. Nd2 dxe4 4. Nxe4 Nd7 5. Ng5 Ngf6 6. Bd3 Qc7 7. N1f3 {B17: Caro-Kann: Modern Line (4...Nd7)} (7. Qe2 h6 8. N5f3 e6 9. Nh3 Bd6 10. Bd2 O-O 11. O-O e5 12. Nh4 e4 13. Bxe4 Re8 14. f3 Bxh2+ {0-1 (36) Chigaev,M (2497)-Fedoseev,V (2674) Jurmala 2015}) 7... h6 8. Ne4 Nxe4 9. Bxe4 {The position is equal.} Nf6 10. Bd3 Bf5 {[%mdl 64] Decoy} 11. Bxf5 Qa5+ 12. c3 Qxf5 13. Qb3 {And now Ne5 would win.} Qc8 14. Ne5 $146 ({Predecessor:} 14. O-O e6 {½-½ (41) Navara,D (2406)-Ovsejevitsch,S (2515) Pardubice 1999}) 14... e6 15. Bf4 g5 16. Bg3 h5 ({Black should play} 16... Ne4 $14) 17. Nd3 (17. h4 $16) 17... Rh6 (17... Rg8 $14) 18. h4 $16 gxh4 19. Rxh4 a5 20. a4 Be7 21. Nf4 (21. Ne5 $16) 21... Qd7 22. O-O-O Nd5 23. Nxd5 cxd5 24. Rh3 Bg5+ (24... h4 $1 $14 25. Kb1 Bg5) 25. f4 Be7 26. Bf2 O-O-O 27. Rdh1 Rg8 28. Rxh5 Rxh5 29. Rxh5 Rxg2 30. Be3 Rg8 31. Qc2 Bd6 32. f5 Kb8 (32... Rg3 $5 {[%cal Rg3e3]} 33. Qe2 Qxa4 $15) 33. f6 (33. Kb1 $11 {remains equal.}) 33... Rg6 34. Rh6 Rg3 35. Qf2 $2 (35. Bf2 $17 Rg2 36. Rh7) 35... Ka7 36. b3 {[#]} (36. Kb1 {keeps fighting.}) 36... Qe8 $2 (36... Qc8 $1 $19 {[%mdl 512] and Black stays clearly on top.} 37. Qd2 Qg8) 37. Rh1 {[#]} ({Better is} 37. Rh7) 37... Qg8 (37... b5 $142 $1 {[%cal Rb5a4]} 38. Bf4 Bxf4+ 39. Qxf4 Rxc3+ {[%mdl 64] Double Attack} 40. Kb2 Qc6) 38. Rg1 $17 Qg6 {Threatens to win with ...Qd3!} 39. Rxg3 Bxg3 40. Qf1 Bc7 41. Bd2 Bd8 42. c4 Qe4 $36 {[%mdl 2048] Black has strong initiative.} ({Much worse is} 42... Bxf6 43. cxd5 Bxd4 44. Qb5 $11) 43. cxd5 (43. Qf4 $142 Qxf4 44. Bxf4) 43... Qxd5 (43... Qxd4 $142 {aiming for ...Qa1+.} 44. Qc4 Qxd5 45. Qxd5 exd5) 44. Qc4 Qd7 45. Qc5+ b6 46. Qf8 ({White should try} 46. Qe5 $15) 46... Bxf6 47. Bf4 Bd8 ({Don't blunder} 47... Bxd4 $2 48. Qb8+ Ka6 49. Qa8+ Qa7 50. Qc8+ Qb7 51. Qc4+ b5 52. Qxd4 $16) 48. b4 axb4 49. Qxb4 Be7 50. Qc4 Kb7 51. Kc2 Bf6 52. Kc3 Be7 53. Kc2 $1 Bd6 54. Be3 f5 (54... Qc6 $142 55. Qxc6+ Kxc6) 55. d5 {[#]} e5 $1 {Hoping for ...Qc7.} 56. Qb3 $2 {[%mdl 8192]} (56. Kd2 $17 {is tougher.}) 56... Qc7+ $19 57. Kd3 e4+ 58. Ke2 f4 59. Bg1 f3+ 60. Kd1 Bc5 (60... Bf4 $142 61. Be3 Bxe3 62. Qxe3 Qc4 63. Ke1 Qd3 64. Qf2 Qc3+ 65. Kf1 Qc1+ 66. Qe1 Qxe1+ 67. Kxe1 e3 68. Kd1 Kc7 69. Kc2 f2 70. Kd3 f1=Q+ 71. Kxe3 Kd6 72. Ke4 Qf2 73. a5 bxa5 74. Kd3 Kxd5 75. Kc3 Qe2 76. Kb3 Qd2 77. Ka3 Kc4 78. Ka4 Qb4#) 61. Be3 Bxe3 {Black mates.} 62. Qxe3 {[%mdl 4096] Endgame KQ-KQ} Qe5 63. Ke1 Qxd5 64. Kf2 Qc5 65. a5 Qxe3+ 66. Kxe3 bxa5 67. Kxe4 f2 {Accuracy: White = 28%, Black = 44%.} 0-1

[Event "2nd Asian Nations Team Cup U14 2019"]
[Site "Shenzhen"]
[Date "2019.12.25"]
[Round "8.10"]
[White "Atakhan, Abtin"]
[Black "Kannappan, Thanneermalai"]
[Result "1-0"]
[WhiteElo "2307"]
[BlackElo "1495"]
[Annotator "TA"]
[PlyCount "123"]
[EventDate "2019.12.19"]
[EventType "team-tourn"]
[EventCountry "CHN"]
[SourceTitle "playchess.com"]
[Source "ChessBase"]
[SourceQuality "1"]
[WhiteTeam "Iran"]
[BlackTeam "Hong Kong"]
[WhiteTeamCountry "IRI"]
[BlackTeamCountry "HKG"]

{[%evp 17,131,8,8,-30,-29,-46,-51,-43,-33,-34,-47,-54,-52,-81,-29,-20,-27,-41,-37,-124,-75,-104,-41,-75,-85,-149,-128,-124,-119,-149,-122,-130,-101,-188,-190,-189,-173,-182,-120,-177,-121,-233,-233,-252,-170,-214,-247,-241,-197,-238,-232,-231,-210,-338,-350,-312,-284,-285,-145,-137,-9,-112,-122,-117,-120,-117,-63,-66,-66,-64,-14,-17,-13,-33,0,0,0,0,0,0,0,0,0,0,0,-16,131,135,131,142,143,31,12848,12848,12849,12849,12850,12849,12850,12850,12850,27999,12851,12851,12851,27999,12851,27999,27999,27999,27999,27999,27999,27999,27999,27999]} 1. c4 e6 2. Nf3 Nf6 3. g3 d5 4. Bg2 Be7 5. O-O O-O 6. b3 c6 7. Bb2 Nbd7 8. d4 b6 9. Nc3 Ba6 10. Qc2 {E07: Closed Catalan: Main Line (5 Nf3 0-0 6 0-0 Nbd7)} (10. Nd2 b5 11. c5 b4 12. Na4 Bb5 13. Re1 Qc7 14. a3 a5 15. Qc2 Rfe8 16. e3 Bf8 17. f4 g6 18. Bf3 {½-½ (32) Wang,H (2726)-Pridorozhni,A (2599) Khanty-Mansiysk 2019}) 10... dxc4 11. bxc4 Bxc4 12. Rfd1 $146 {Black is slightly better.} ({Predecessor:} 12. Nd2 Ba6 13. Bxc6 Rc8 14. Qa4 Nb8 15. Bg2 b5 16. Qd1 b4 17. Nce4 Nc6 {1-0 (42) Khusenkhojaev,M (2440)-Illina,N (2051) St Petersburg 2016}) 12... Qc7 13. Rac1 Rac8 14. Nd2 Ba6 15. Qa4 Nb8 (15... Qb7 $17 {White should prevent ...b5.} 16. Qb3 Qb8) 16. e4 $11 b5 17. Qb3 Qb6 18. Ba1 (18. e5 $15 Nd5 19. Nde4) 18... Rfd8 19. Nf3 Bb7 (19... c5 $17 {[%cal Rc5d4]} 20. dxc5 Rxd1+ 21. Rxd1 Bxc5) 20. Ne5 Nbd7 $36 {[%mdl 2048] Hoping for ...Nxe5. Black is really pushing.} ({Don't go for} 20... Rxd4 $2 21. Rxd4 c5 22. Rdd1 $18 (22. Nxb5 cxd4 23. Rxc8+ Bxc8 $16)) 21. Nf3 (21. Nd3 $142) 21... a5 {[%cal Ba7a5,Ba5a4][%mdl 32]} 22. Rb1 Qa7 23. Nd2 Nb6 ({Don't do} 23... Qxd4 24. Nxb5 Qc5 25. Nd4 $15) 24. Ne2 a4 25. Qe3 (25. Qf3 $17) 25... b4 $19 26. Rbc1 Ba6 27. h3 {[#]} Nbd7 (27... c5 $1 $19 {[%mdl 512]} 28. dxc5 Nc4 $1 {[%mdl 512]} 29. Nxc4 Rxd1+ {[%mdl 64] Overworked Piece} 30. Rxd1 Bxc4) 28. g4 (28. Nf4 $17 {was necessary.}) 28... c5 (28... Nb6 $19 29. Nf4 Qb8) 29. g5 (29. e5 $17 c4 30. exf6 Nxf6 31. Nf4) 29... Ne8 $1 30. d5 Qb6 31. Nc4 Bxc4 32. Rxc4 Nd6 33. Rcc1 c4 $1 34. Qf4 exd5 35. e5 {[#]} (35. exd5 {keeps fighting.} Re8 36. Nd4) 35... Ne4 $1 36. Rxd5 (36. Bxe4 dxe4) 36... Nxg5 37. Rxc4 Rxc4 ({Better is} 37... Qg6 $19 {And now ...Nxh3+ would win.} 38. Kh2 Ne6) 38. Qxc4 $17 b3 (38... Ne6 $17 {White must now prevent ...Bc5.} 39. Nd4 Bc5 40. Nxe6 fxe6) 39. Qxa4 (39. Nd4 $1 $11 Bc5 40. axb3) 39... Nc5 40. Rxd8+ Qxd8 41. Qa8 {[#]} Qxa8 ({Black should try} 41... Nxh3+ $1 $17 {[%mdl 512]} 42. Kf1 (42. Bxh3 Qxa8) 42... Qxa8 43. Bxa8 bxa2) 42. Bxa8 $15 bxa2 {Threatens to win with ...Nb3.} 43. Bd5 Nxh3+ 44. Kg2 Ng5 45. Bxa2 h5 46. f4 Nge4 47. Bd5 g5 48. f5 g4 49. Ng3 Nxg3 50. Kxg3 $11 {[%mdl 4096] Endgame KBB-KBN} Bg5 51. Bc4 h4+ (51... Ne4+ $11 52. Kg2 Bf4) 52. Kxg4 $16 Bd8 53. Bd4 Nd7 54. e6 ({White should play} 54. Kh3 $16) 54... fxe6 $2 {[%mdl 8192]} (54... Nf6+ $14 55. Kh3 (55. Kxh4 Ne8+ 56. Kh5 Ng7+ 57. Kg4 Nxe6 $11) 55... fxe6) 55. Bxe6+ $18 Kf8 56. Bxd7 Kf7 57. Be6+ Kf8 58. Bf2 Bf6 59. Bxh4 Bg7 60. Kg5 {f6 would kill now.} Ke7 61. Kg6+ Kf8 {[#]} 62. f6 {Played: Bh4-e7} 1-0

[Event "2nd Asian Nations Team Cup U14 2019"]
[Site "Shenzhen"]
[Date "2019.12.25"]
[Round "8.11"]
[White "Liu, Fung Ming Mathew"]
[Black "Ebrahimi Herab, Hamidreza"]
[Result "0-1"]
[WhiteElo "1493"]
[BlackElo "2053"]
[Annotator "NA RC"]
[PlyCount "84"]
[EventDate "2019.12.19"]
[EventType "team-tourn"]
[EventCountry "CHN"]
[SourceTitle "playchess.com"]
[Source "ChessBase"]
[SourceQuality "1"]
[WhiteTeam "Hong Kong"]
[BlackTeam "Iran"]
[WhiteTeamCountry "HKG"]
[BlackTeamCountry "IRI"]
[TimeControl "5400+30"]

{[%evp 8,80,19,20,32,32,41,9,5,6,30,23,37,-1,5,4,0,0,0,-31,12,-2,10,21,17,8,78,89,88,0,64,-27,-11,-20,-16,-65,-18,-39,0,-11,0,0,0,12,7,-22,-25,-291,32767,-62,-45,-68,-93,-75,-89,-81,-79,-106,-23,-204,-266,-964,-1073,-29985,-29989,-29989,-519,-29983,-29985,-29984,-29984,-29984,-29986,-29987,-29988]} 1. e4 {[%emt 0:00:00]} e5 {[%emt 0:00:00]} 2. Nf3 {[%emt 0:00:00]} Nc6 {[%emt 0:00:00]} 3. Bb5 {[%emt 0:00:00]} a6 {[%emt 0:00:00]} 4. Ba4 {[%emt 0:00:00]} Nf6 {[%emt 0:00:00]} 5. O-O {[%emt 0:00:02]} b5 {[%emt 0:00:05]} 6. Bb3 {[%emt 0:00:08]} Bc5 {[%emt 0:00:06]} 7. Re1 {[%emt 0:00:51]} d6 {[%emt 0:00:12]} 8. c3 {[%emt 0:00:47]} h6 {[%emt 0:00:33] C78: Ruy Lopez: Archangelsk and Möller Defences} (8... O-O 9. a4 Bg4 10. h3 Bxf3 11. Qxf3 Na5 12. Bc2 b4 13. Qd1 Qb8 14. d4 b3 15. dxc5 bxc2 16. Qxc2 {½-½ (29) Lu,S (2641)-Yu,Y (2751) Shenzhen 2017}) 9. d4 {[%emt 0:00:21]} Bb6 {[%emt 0:01:29]} 10. dxe5 {[%emt 0:02:29]} Nxe5 {[%emt 0:00:15]} 11. Nxe5 {[%emt 0:01:06]} dxe5 {[%emt 0:02:19]} 12. Qf3 $146 {[%emt 0:02:16]} ({Predecessor:} 12. Qxd8+ Kxd8 13. Be3 Bxe3 14. Rxe3 Ke7 15. f3 Bb7 16. Nd2 {½-½ (37) Toplisek,M (1242)-Centrih,A (1687) Ptuj 2017}) 12... O-O {[%emt 0:01:45]} 13. Nd2 {[%emt 0:04:47]} Be6 {[%emt 0:02:36]} 14. h3 {[%emt 0:02:50]} c5 {[%emt 0:01:01]} 15. Bxe6 {[%emt 0:00:00]} fxe6 {[%emt 0:00:42]} 16. Qg3 {[%emt 0:01:12]} c4 {[%emt 0:00:17]} (16... Nh5 $11 {keeps the balance.} 17. Qg4 (17. Qxe5 Nf4 $17) 17... Nf4) 17. Nf3 {[%emt 0:06:25]} Kh8 {[%emt 0:03:05]} 18. Kh2 {[%emt 0:00:00]} ({Inferior is} 18. Nxe5 Nh5 $19) (18. Qxe5 $16 Nd7 19. Qd6 (19. Qxe6 Nc5 $14)) 18... Nh5 {[%emt 0:04:34]} (18... Qe8 $11 19. Kg1 (19. Nxe5 Nh5 $15) 19... Rd8) 19. Qg4 {[%emt 0:05:19]} ({White should play} 19. Qg6 $14 Nf4 20. Bxf4 exf4 21. Kg1 (21. Qxe6 Bxf2 22. Red1 Qe8 $11)) 19... Qe8 {[%emt 0:05:56]} ({Much weaker is} 19... Bxf2 20. Qxh5 Rxf3 21. Bxh6 $14) 20. Rf1 {[%emt 0:03:36]} Kh7 {[%emt 0:01:55]} 21. Kg1 {[%emt 0:04:27]} Bc7 {[%emt 0:06:23]} 22. Nh2 {[%emt 0:10:15]} Nf4 {[%emt 0:07:27]} 23. Bxf4 {[%emt 0:00:00]} Rxf4 {[%emt 0:00:44]} 24. Qe2 {[%emt 0:00:00]} Bb6 {[%emt 0:01:21]} 25. Ng4 {[%emt 0:01:23]} Qg6 {[%emt 0:01:21]} 26. Rae1 {[%emt 0:00:00]} Raf8 {[%emt 0:01:05]} 27. g3 $2 {[%emt 0:06:56] [#]} (27. Kh1 $11 Qg5 28. f3) 27... Rf3 $2 {[%emt 0:03:48]} (27... Rxf2 $1 $19 {[%mdl 512]} 28. Rxf2 Bxf2+ 29. Qxf2 Rxf2 30. Kxf2 Qf7+ 31. Ke2 Qh5) 28. Kg2 {[%emt 0:02:50]} Qf7 {[%emt 0:18:06]} 29. Rd1 {[%emt 0:00:00]} h5 {[%emt 0:00:00]} 30. Ne3 $1 {[%emt 0:01:53]} g5 {[%emt 0:08:14]} 31. Nf5 {[%emt 0:05:19]} Rd3 $1 {[%emt 0:00:39]} 32. Ne3 {[%emt 0:05:20]} Rfd8 {[%emt 0:03:42]} 33. Qc2 $2 {[%emt 0:02:38] [#]} (33. b3 $11 {and White is okay.}) 33... Qg6 $1 {[%emt 0:03:33]} 34. Kf3 $2 {[%emt 0:01:56]} (34. Qe2) 34... g4+ {[%emt 0:07:04] Double Attack} 35. Ke2 {[%emt 0:08:08]} Qxe4 {[%emt 0:02:36]} 36. Qc1 {[%emt 0:02:38]} Qf3+ {[%emt 0:00:00]} (36... gxh3 $142 37. b3 Bxe3 38. f3 Bxc1+ {[%mdl 64] Discovered Attack} 39. fxe4 Rxd1 40. Rxd1 Rxd1 41. Kxd1 Bg5 42. Ke2 h2 43. Kf3 h1=Q+ 44. Kf2 Qh2+ 45. Kf3 Qd2 46. g4 h4 47. b4 h3 48. Kg3 Qg2#) 37. Ke1 {[%emt 0:00:25]} Bxe3 {[%emt 0:01:08]} 38. Rxd3 {[%emt 0:01:48]} Rxd3 {[%emt 0:00:00]} 39. fxe3 {[%emt 0:01:30]} Rxe3+ {[%emt 0:00:00]} 40. Qxe3 {[%emt 0:00:10]} Qxe3+ {[%emt 0:00:00]} 41. Kd1 {[%emt 0:00:05]} Qd3+ {[%emt 0:00:00]} 42. Ke1 {[%emt 0:00:06]} Qxg3+ {[%emt 0:00:18]} 0-1

[Event "2nd Asian Nations Team Cup U14 2019"]
[Site "Shenzhen"]
[Date "2019.12.25"]
[Round "8.12"]
[White "Khorshidi, Mohammad Javad"]
[Black "Lee, Gerent Chak Yan"]
[Result "1-0"]
[WhiteElo "2094"]
[BlackElo "1450"]
[Annotator "NA RC"]
[PlyCount "73"]
[EventDate "2019.12.19"]
[EventType "team-tourn"]
[EventCountry "CHN"]
[SourceTitle "playchess.com"]
[Source "ChessBase"]
[SourceQuality "1"]
[WhiteTeam "Iran"]
[BlackTeam "Hong Kong"]
[WhiteTeamCountry "IRI"]
[BlackTeamCountry "HKG"]
[TimeControl "5400+30"]

{[%evp 8,61,7,4,25,8,23,8,12,10,23,15,21,4,6,25,47,7,28,17,20,0,8,0,73,72,70,52,85,66,62,81,74,34,39,29,209,32767,32767,32767,32767,245,245,239,244,262,345,395,393,414,418,420,588,682,796,990]} 1. d4 {[%emt 0:00:00]} Nf6 {[%emt 0:00:00]} 2. c4 {[%emt 0:00:00]} e6 {[%emt 0:00:00]} 3. Nf3 {[%emt 0:00:00]} Be7 {[%emt 0:00:00]} 4. g3 {[%emt 0:00:14]} O-O {[%emt 0:00:11]} 5. Bg2 {[%emt 0:00:04]} d5 {[%emt 0:00:03]} 6. O-O {[%emt 0:00:09]} dxc4 {[%emt 0:00:24]} 7. Qc2 {[%emt 0:00:10]} a6 {[%emt 0:00:03]} 8. a4 {[%emt 0:00:08]} Bd7 {[%emt 0:00:48]} 9. Qxc4 {[%emt 0:00:14]} Bc6 {[%emt 0:00:08]} 10. Bf4 {[%emt 0:00:08]} Nbd7 {[%emt 0:01:50]} 11. Nc3 {[%emt 0:01:46]} Nd5 {[%emt 0:05:09] E05: Open Catalan: 5 Nf3 Be7} (11... Bd6 12. Bg5 h6 13. Bxf6 Nxf6 14. b4 Bd5 15. Nxd5 exd5 16. Qb3 Qe7 17. b5 Qxe2 18. Rfe1 Qc4 19. Qxc4 dxc4 20. Ne5 axb5 21. axb5 Rxa1 22. Rxa1 Bxe5 23. dxe5 {½-½ (42) Meier,G (2628)-Dominguez Perez,L (2739) chess.com INT 2018}) 12. Bd2 {[%emt 0:08:04]} Rb8 $146 {[%emt 0:08:53]} ({Predecessor:} 12... N7b6 13. Qb3 Nxc3 14. bxc3 Qd5 15. Qc2 Nc4 16. Bf4 Rac8 17. Rfe1 f5 18. e4 fxe4 19. Ne5 Nxe5 20. Bxe5 {0-1 (74) Romanishin,O (2487)-Akbarinia,S (2366) Sitges 2014}) 13. Rfc1 {[%emt 0:10:27]} Nxc3 {[%emt 0:00:00]} 14. Bxc3 {[%emt 0:03:34]} Bd5 {[%emt 0:06:38]} 15. Qd3 {[%emt 0:04:27]} c5 {[%emt 0:15:47]} (15... f5 $11 {remains equal.}) 16. e4 {[%emt 0:00:00]} Bc6 {[%emt 0:26:12]} 17. Rd1 {[%emt 0:16:07]} cxd4 {[%emt 0:00:00]} 18. Nxd4 {[%emt 0:05:22]} Ne5 {[%emt 0:07:30]} 19. Qe2 {[%emt 0:04:06]} Qc7 {[%emt 0:03:59]} 20. Qh5 {[%emt 0:03:02]} (20. f4 $5 {[%cal Rf4e5]} Nd7 21. Nxc6 Qxc6 22. a5 $16) 20... Ng6 {[%emt 0:00:00]} 21. Ba5 {[%emt 0:07:20]} Qe5 $2 {[%emt 0:00:00]} ({Black should try} 21... b6 $14 22. Nxc6 Qxc6) 22. Qxe5 {[%emt 0:00:00]} Nxe5 {[%emt 0:00:00]} 23. Bc7 {[%emt 0:00:00]} Nc4 {[%emt 0:00:00]} 24. Bxb8 {[%emt 0:00:00]} Rxb8 {[%emt 0:00:00]} 25. Nxc6 {[%emt 0:00:54]} bxc6 {[%emt 0:00:00]} 26. Bf1 {[%emt 0:01:13]} Nd6 {[%emt 0:03:33]} 27. Bxa6 {[%emt 0:02:32]} Nxe4 {[%emt 0:00:00]} 28. Bd3 {[%emt 0:03:18]} Nc5 {[%emt 0:00:00]} 29. a5 {[%emt 0:01:23]} Nxd3 {[%emt 0:00:16]} 30. Rxd3 {[%emt 0:00:00]} Kf8 {[%emt 0:00:50]} 31. a6 $18 {[%emt 0:00:43]} Ke8 {[%emt 0:00:00]} 32. a7 {[%emt 0:00:37]} Ra8 {[%emt 0:00:00]} 33. Rb3 {[%emt 0:00:10]} Bd6 {[%emt 0:00:00]} 34. Rb7 {[%emt 0:00:36]} Kd8 {[%emt 0:00:00]} 35. Rxf7 {[%emt 0:00:11]} Bc5 {[%emt 0:00:00]} 36. b4 {[%emt 0:00:49]} Bxb4 {[%emt 0:00:00]} 37. Rb1 {[%emt 0:00:18]} 1-0